An act for the regulation of buildings and party walls, and for preventing mischiefs by fire, in London and Westminster (Record no. 114458)
[ view plain ]
| 000 -LEADER | |
|---|---|
| fixed length control field | 00982cam a22001935a 4500 |
| 001 - CONTROL NUMBER | |
| control field | L156870 |
| 008 - FIXED-LENGTH DATA ELEMENTS--GENERAL INFORMATION | |
| fixed length control field | 120724s1806 xxk f 000 0 eng d |
| 035 ## - SYSTEM CONTROL NUMBER | |
| System control number | (Sirsi) u156870 |
| 041 0# - LANGUAGE CODE | |
| Language code of text/sound track or separate title | eng |
| 245 03 - TITLE STATEMENT | |
| Title | An act for the regulation of buildings and party walls, and for preventing mischiefs by fire, in London and Westminster |
| Remainder of title | passed in the 14th year of George III. Illustrated with plates, shewing the proper thickness of party-walls, external walls, and chimneys, with a complete index, and a list of the district surveyors |
| 250 ## - EDITION STATEMENT | |
| Edition statement | A new edition |
| 260 ## - PUBLICATION, DISTRIBUTION, ETC. | |
| Place of publication, distribution, etc. | Cambridge |
| Name of publisher, distributor, etc. | Printed by R. Watts, at the University Press, for J. Taylor, at the Archietctural Library, no. 59, High Holborn |
| Date of publication, distribution, etc. | 1806 |
| 300 ## - PHYSICAL DESCRIPTION | |
| Extent | 66 p. |
| Other physical details | ill. |
| Dimensions | 19 cm. |
| 520 ## - SUMMARY, ETC. | |
| Summary, etc. | The name "Charles Lee" is written in ink on the top right corner of the title page. |
| 583 ## - ACTION NOTE | |
| Action | Condition reviewed |
| Time/date of action | 20120620 |
| Status | condition level 2 |
| 651 #4 - SUBJECT ADDED ENTRY--GEOGRAPHIC NAME | |
| Geographic name | Great Britain |
| Chronological subdivision | 1707- |
| 690 ## - LOCAL SUBJECT ADDED ENTRY--TOPICAL TERM (OCLC, RLIN) | |
| Topical term or geographic name as entry element | Party walls |
| 9 (RLIN) | 6258 |
| 942 ## - ADDED ENTRY ELEMENTS (KOHA) | |
| Suppress in OPAC | 0 |
| Withdrawn status | Lost status | Source of classification or shelving scheme | Damaged status | Not for loan | Home library | Current library | Shelving location | Date acquired | Total Checkouts | Full call number | Barcode | Date last seen | Copy number | Price effective from | Koha item type |
|---|---|---|---|---|---|---|---|---|---|---|---|---|---|---|---|
| Dewey Decimal Classification | Historic collection | Historic collection | Historic collection | 24/07/2012 | OCTAVO 1806 ACT | 30077081 | 06/08/2019 | 1 | 06/08/2019 | Book |